000 00540nam a2200181 i 4500
001 80902
003 ES-MaACL
005 20230906174327.0
007 t|
008 041102s1966 sp ||||1| spa d
100 1 _aHovasse, Colette.
_964372
245 1 0 _aCómo educar a los niños en la libertad /
_cColette Hovasse ; [traducido por Aurora Jarquera].
250 _a[1ª ed.].
260 _aBarcelona :
_bFontanella,
_c1966.
300 _a214 p. ;
_c19 cm.
700 1 _aJarquera, Aurora.
_966139
852 _aES-MaACL
_jC-29939
_bR.60415
999 _c80902
_d80902